000
00303nam a2200133Ia 4500
008
230724s1999 xx und d
020
_a
8123900783
041
_a
eng
082
_a
729
100
_a
GHOSE D.N.
245
_a
A BOOK OF HOME PLANS.
260
_b
C.B.S PUBLISHERS
_c
1999
300
_a
229
999
_c
1171463
_d
1171463